01876nam a2200265 a 450000100060000000300090000600800410001502000150005604000280007108200220009910000430012124500310016425000060019526000300020130000110023149000170024250509300025959000490118965000220123865000160126094200120127699900170128895201530130595201520145816817CO-ViMGA141112s2004 ck r 000 u spa d a9687259709 aCO-ViMGAbspacCO-ViMGA04aMEVIECAR.64 P317c1 aParsons, June Jamrich; Oja, Dan92378010aConceptos de computación a2 aMexico, cThomson, c1999 a196.p. aLibro visual aUNIDAD (A) - Uso de las computadoras : Dispositovos perifericos - Uso del ratón - Uso del teclado - Interfaz de linea de comando DOS - Interfaces con el usuario UNIDAD (B) - Aplicaciones de software y multimedia : Historia de la computación en hipermedia - Multimedia UNIDAD (C) - Productividad en la oficina , el hogar y la escuela : Procesamiento de texto - Hojas de cálculo - Bases de datos UNIDAD (D) - Archivos y almacenamiento de datos en computadoras : Defragmentación y operaciones en disco - Directorios y administración de archivos en DOS - Directorios , carpetas y archivos en windows - Uso de archivos UNIDAD (E) - Arquitectura de las computadoras : Números binarios - Simulador de CPU - Localización de fallas UNIDAD (F) - Redes de computadoras e internet : Correo electrónico o E - mail - Internet world wide web - Paginas web y HTML UNIDAD (G) - Seguridad y control de datos : Respaldo de datos aForma de adquisición : Premio - Mincultura14aCOMPUTACION9963314aINFORMATICA 2ddccBK c11538d11538 00102ddc40708001aMEVIGACOMbMEVIGACOMd2015-12-04hVolumen. 1 | 11/jun/2009l0o001.64 P317c p3388r2017-05-17 00:00:00tEj. 1w2015-12-04yBK 00102ddc40708002aMEVIECARbMEVIECARd2015-12-04hVolumen. 1 | 11/jun/2009l0o001.64 P317c p16817r2022-10-03 00:00:00tEj. 1w2015-12-04yBK